000 00230nam a2200109Ia 4500
008 190216s9999||||xx |||||||||||||| ||und||
100 _aRamesh Varma
245 0 _aHindi-Kamputer
260 _bNull
650 _aHindi
942 _cBK
999 _c15337
_d15337